000
00268 a2200121 4500
001
63738
082
_a
891.5931 KHA
090
_c
37716
_d
37716
100
_a
Khater Afridi
245
_a
Da Khater Kulyaat
260
_a
Peshawar
_b
Inam ul Manan Pub
300
_a
605
942
_a
caenust
_k
891.5931 KHa
999
_c
298811
_d
298811